Mga babasahin hinggil sa kasaysayan ng Pilipinas / Gil D. Ramos. (Record no. 21571)
| 000 -LEADER | |
|---|---|
| fixed length control field | 00498nam a22001577a 4500 |
| 020 ## - INTERNATIONAL STANDARD BOOK NUMBER | |
| ISBN | 9789719655336 |
| 082 ## - DEWEY DECIMAL CLASSIFICATION NUMBER | |
| Classification number | 959.9 |
| Item number | R1755 2023 |
| 100 ## - MAIN ENTRY--AUTHOR NAME | |
| Personal name | Ramos, Gil D., author. |
| 245 ## - TITLE STATEMENT | |
| Title | Mga babasahin hinggil sa kasaysayan ng Pilipinas / Gil D. Ramos. |
| 250 ## - EDITION STATEMENT | |
| Edition statement | Ikalawang edisyon. |
| 260 ## - PUBLICATION, DISTRIBUTION, ETC. (IMPRINT) | |
| Place of publication | Manila : |
| Name of publisher | Mindshapers Co., Inc, |
| Year of publication | ©2023. |
| 300 ## - PHYSICAL DESCRIPTION | |
| Number of Pages | x, 280 pages : |
| Other physical details | illustrations ; 26 cm. |
| 500 ## - GENERAL NOTE | |
| General note | Includes bibliographical references. |
| 650 ## - SUBJECT ADDED ENTRY--TOPICAL TERM | |
| Topical Term | Philippines -- History. |
| 942 ## - ADDED ENTRY ELEMENTS (KOHA) | |
| Koha item type | Books |
| Source of acquisition | Permanent Location | Date acquired | Koha item type | Collection code | Accession Number | Lost status | Shelving location | Withdrawn status | Current Location | Full call number |
|---|---|---|---|---|---|---|---|---|---|---|
| School | Cagayan State University - Carig Library | 2025-12-04 | Books | Filipiniana | 011271 | Filipiniana Section | Cagayan State University - Carig Library | 959.9 R1755 2023 | ||
| School | Cagayan State University - Carig Library | 2025-12-04 | Books | Filipiniana | 011272 | Filipiniana Section | Cagayan State University - Carig Library | 959.9 R1755 2023 | ||
| School | Cagayan State University - Carig Library | 2025-12-04 | Books | Filipiniana | 011273 | Filipiniana Section | Cagayan State University - Carig Library | 959.9 R1755 2023 |